1052 1558 1312 1025 1189 1778 1604 1198 1906 1597 1589 1630 1289 1688 1485 1519 1119 1973 1737 1966 1468 1298 1889 1468 1711 1196 1176 1354 1053 1079 1372 1074 1676 1923 1045 1339 1632 1585 1134 1315 1117 1145 1339 1760 1542 1930 1437 1405 1051 1526 1216 1610 1503 1369 1248 1482 1196 1660 1126 1928 1258 1582 1862 1809 1315 1010 1200 1379 1815 1340 1432 1428 1449 1163 1508 1242 1948 1463 1812 1723 1607 1658 1353 1510 1785 1230 1671 1846 1748 1695 1100 1022 1762 1858 1757 1701 1314 1170 1396 BCNSPRNW ULIB Ver.6.0+V

เปลี่ยนเป็นภาษาไทย

Change to English
 แสดงรายละเอียดบรรณานุกรม
  กลับหน้าหลัก

Brief Record : Get Marc (ISO 2709) : E-mail record : QR code < ปิดหน้าต่าง
LEADER : 00000nam 2200000uu 4500
001    13399121194
003     ULIB
008    121108s||||||||th 000 0 tha d
050 04 ^aLB1060^bส816ผ
100 0  ^aสุนันทา สุนทรประเสริฐ
245 10 ^aแผนการจัดการเรียนรู้ที่เน้นผู้เรียนเป็นสำคัญ :^bตามหลักสูตรการศึกษาขั้นพื้นฐานโดยใช้กระบวนการเรียนรู้สู่...การบูรณาการ/^cสุนันทา สุนทรประเสริฐ
250    ^aพิมพ์ครั้งที่ 2
260    ^aกรุงเทพ ฯ :^bธรรมรักษ์การพิมพ์,^c2550
300    ^a228 หน้า
650  4 ^aการศึกษา^xหลักสูตร
650  4 ^aการวางแผนหลักสูตร
945    ^p150^l0^i16637
995    ^aวิภา
999 ^a ทศพร
รายการนี้ยังไม่มีแท็ก
คุณยังไม่ได้ล็อกอิน คุณสามารถมีกิจกรรมร่วมกับเว็บไซต์ได้ แต่ต้องล็อกอินก่อน ::
  ล็อกอิน

รายการสื่อสารสนเทศ

ลำดับที่ ประเภท เลขเรียก/บาร์โค้ด สถานที่ สถานะ
1. วิทยาศาสตร์การแพทย์ และสุขภาพ
วิทยาศาสตร์การแพทย์ และสุขภาพ
LB1060 ส816ผ  
  Barcode: 16637
ห้องสมุดวิทยาเขตสวรรค์ประชารักษ์
►หนังสือทั่วไป
บนชั้น

รายการใกล้เคียง
    ผู้แต่ง [สุนันทา สุนทรประเสริฐ]

    หัวเรื่อง [การวางแผนหลักสูตร]

BibComment


ยังไม่เคยถูกคอมเมนท์

คอมเมนท์ทรัพยากรรายการนี้
  คอมเมนท์: แผนการจัดการเรีย..


 Copyright 2026. Bcnsprnw @Library